| 000 | 02703nam0a2200409 4500 | ||
|---|---|---|---|
| 001 | RU\NLR\BIBL_A\022031744 | ||
| 005 | 20231122165315.0 | ||
| 010 |
_a978-5-907688-42-1 _9500 |
||
| 021 |
_aRU _bКН-П-23-052114 _9КН-П-23-5232 |
||
| 035 | _a(NLR Aleph) 022031744 | ||
| 035 | _a(RuMoRGB)012027806 | ||
| 090 |
_a12542184 _c12542184 |
||
| 100 | _a20230920d2023 k y0rusy50 ca | ||
| 101 | 0 | _arus | |
| 102 | _aRU | ||
| 105 | _aa z 100zy | ||
| 181 | 0 |
_ai3 _baxxe |
|
| 182 | 0 | _an | |
| 200 | 1 |
_aПраво, экономика и управление: состояние, проблемы и перспективы _eматериалы Всероссийской научно-практической конференции с международным участием (Чебоксары, 14 июня 2023 г.) _fБОУ ВО "Чувашский государственный институт культуры и искусств" Министерства культуры, по делам национальностей и архивного дела Чувашской Республики _gредакционная коллегия: Фомин Эдуард Валентинович, канд. филол. наук, доцент |
|
| 203 |
_aТекст _bвизуальный _cнепосредственный |
||
| 210 |
_aЧебоксары _cСреда _d2023 |
||
| 215 |
_a343 с. _cил., табл. _d20 |
||
| 320 | _aБиблиогр. в конце докл. | ||
| 606 | 1 |
_aПраво _jСъезды, совещания и т.п _2nlr_sh1 _2nlr_sh2 _3RU\NLR\AUTH\664055 |
|
| 606 | 1 |
_aЭкономика _jСъезды, совещания и т.п _2nlr_sh1 _2nlr_sh2 _3RU\NLR\AUTH\66284709 |
|
| 606 | 1 |
_aУправление _jСъезды, совещания и т.п _2nlr_sh1 _2nlr_sh2 _3RU\NLR\AUTH\66119764 |
|
| 686 | 1 | _aХ.я431 | |
| 686 | 1 | _aУ.я431 | |
| 686 | 1 | _aУ21(0)я431 | |
| 702 | 1 |
_aФомин _bЭ. В. _cканд. филол. наук _f1971- _gЭдуард Валентинович _3RU\NLR\AUTH\7785494 _4340 |
|
| 711 | 1 | 2 |
_a"Право, экономика и управление: состояние, проблемы и перспективы", всероссийская научно-практическая конференция с международным участием _f2023 _eЧебоксары _3RU\NLR\AUTH\880598160 |
| 712 | 0 | 2 |
_aЧувашский государственный институт культуры и искусств _cЧебоксары _3RU\NLR\AUTH\8810051725 _4557 |
| 942 | _cBOOK | ||
| 980 | _aNB | ||